| 000 | 00434cam a2200181ua 4500 | ||
|---|---|---|---|
| 041 |
_aeng _h |
||
| 100 | _aMahesh, Kothari . | ||
| 245 | 0 | 0 | _aLaboratory manual on design principles of irrigation systems |
| 260 |
_aJaipur : _bDept.SWC , _c2004. |
||
| 300 | _a ; . | ||
| 504 | _a | ||
| 700 | 1 | _aRajvir, singh . | |
| 942 | _cBK | ||
| 999 |
_c12923 _d12923 |
||